000 01149cab a2200241 4500
001 ABS39155
008 090401t1988 xxu||||| |||| 00| 0 eng d
035 _a(Sirsi) u14720
041 _aeng
100 _aPhillipson, H.
245 _aSome aspects of building subsidence: Dutton v Bognor Regis and after
260 _c1988
350 _a0
490 _aChartered Insurance Institute Journal
_v12(2) April 1988, 94-98(5)
520 _aDiscusses problems caused by subsidence in buildings and the legal cases which have resulted. Begins with "Dutton v Bognor Regis DC", which was the first time the courts gave judgement for the plaintiff, who alleged negligence on the part of the local authority, and looks at important cases which have arisen since in particular "Pirelli", "Anns" and "Peabody" which led to the Law Reform Committee making recommendations on latent damage.
650 _aANNS AND OTHERS V MERTON LBC
650 _aLATENT DAMAGE ACT 1986
650 _aPEABODY FOUNDATION V SIR LINDSAY PARKINSON
650 _aPIRELLI V OSCAR FABER
690 _aBUILDING AND CONSTRUCTION-CASE LAW
942 _n0
948 _c04/03/1997
999 _c9604
_d9604